000 00787nam a22002657a 4500
001 BR7375619
003 BR-BrBNA
005 20230928084431.0
007 ta
008 230509b bl.||||| |||| 00| 0 por d
040 _aBR-BrBNA
_bpor
_cBiblioteca Nacional de Agricultura
041 _a(Por)
072 _aC00
_b/G514
090 _ C00 BR7375619 OBR
100 1 _aCavalcanti, B.U.
245 1 _aEstudo sobre o ensino agricola profissional e as estações agronomicas. Necessidade de sua organizacao no Brasil
260 3 _aCampinas, SP (Brasil):
_bTip. a vapor do Livro Azul,
_c1891.
300 _a61 p.
500 _aOBRA RARA
650 _aENSINO AGRICOLA
650 _aESTAÇÃO AGRONOMICA
650 _aCAMPINAS
909 _a202309
_bLucia
_c55
_dLucia Elande
942 _cBK
999 _c18933
_d18933